Scale development : (Record no. 7591)

MARC details
000 -LEADER
fixed length control field 02178cam a2200385 i 4500
001 - CONTROL NUMBER
control field 22055037
003 - CONTROL NUMBER IDENTIFIER
control field OSt
005 - DATE AND TIME OF LATEST TRANSACTION
control field 20260123121009.0
008 - FIXED-LENGTH DATA ELEMENTS--GENERAL INFORMATION
fixed length control field 210526s2022 caua b 001 0 eng
010 ## - LIBRARY OF CONGRESS CONTROL NUMBER
LC control number 2021025638
020 ## - INTERNATIONAL STANDARD BOOK NUMBER
International Standard Book Number 9781544379340
Qualifying information (paperback)
020 ## - INTERNATIONAL STANDARD BOOK NUMBER
Canceled/invalid ISBN 9781544379357
Qualifying information (epub)
020 ## - INTERNATIONAL STANDARD BOOK NUMBER
Canceled/invalid ISBN 9781544379333
Qualifying information (epub)
020 ## - INTERNATIONAL STANDARD BOOK NUMBER
Canceled/invalid ISBN 9781544379326
Qualifying information (ebook)
035 ## - SYSTEM CONTROL NUMBER
System control number 22055037
040 ## - CATALOGING SOURCE
Original cataloging agency DLC
Language of cataloging eng
Description conventions rda
Transcribing agency IIMV Library
Modifying agency DLC
042 ## - AUTHENTICATION CODE
Authentication code pcc
050 00 - LIBRARY OF CONGRESS CALL NUMBER
Classification number 001.4 DEV
082 00 - DEWEY DECIMAL CLASSIFICATION NUMBER
Classification number 001.4 DEV
Edition number 23
100 1# - MAIN ENTRY--PERSONAL NAME
Personal name DeVellis, Robert F.,
Relator term author.
9 (RLIN) 34882
245 10 - TITLE STATEMENT
Title Scale development :
Remainder of title theory and applications /
Statement of responsibility, etc. Robert F. DeVellis, The University of North Carolina at Chapel Hill, Carolyn T. Thorpe, The University of North Carolina at Chapel Hill.
250 ## - EDITION STATEMENT
Edition statement Fifth edition.
264 #1 - PRODUCTION, PUBLICATION, DISTRIBUTION, MANUFACTURE, AND COPYRIGHT NOTICE
Place of production, publication, distribution, manufacture Thousand Oaks, California :
Name of producer, publisher, distributor, manufacturer SAGE Publications, Inc.,
Date of production, publication, distribution, manufacture, or copyright notice [2022]
300 ## - PHYSICAL DESCRIPTION
Extent xvii, 298 pages :
Other physical details illustrations ;
Dimensions 24 cm
336 ## - CONTENT TYPE
Content type term text
Content type code txt
Source rdacontent
337 ## - MEDIA TYPE
Media type term unmediated
Media type code n
Source rdamedia
338 ## - CARRIER TYPE
Carrier type term volume
Carrier type code nc
Source rdacarrier
504 ## - BIBLIOGRAPHY, ETC. NOTE
Bibliography, etc. note Includes bibliographical references and index.
520 ## - SUMMARY, ETC.
Summary, etc. "Scale Development: Theory and Applications, by Robert F. DeVellis and new co-author Carolyn T. Thorpe, demystifies measurement by emphasizing a logical rather than strictly mathematical understanding of concepts. The Fifth Edition includes a new chapter that lays out the key concepts that distinguish indices from scales, contrasts various types of indices, suggests approaches for developing them, reviews validity and reliability issues, and discusses in broad terms some analytic approaches. All chapters have been updated, and the book strikes a balance between including relevant topics and highlighting recent developments in measurement while retaining an accessible, user-friendly approach to the material covered"--
Assigning source Provided by publisher.
650 #0 - SUBJECT ADDED ENTRY--TOPICAL TERM
Topical term or geographic name entry element Scaling (Social sciences)
9 (RLIN) 34883
700 1# - ADDED ENTRY--PERSONAL NAME
Personal name Thorpe, Carolyn T.,
Relator term author.
9 (RLIN) 34884
906 ## - LOCAL DATA ELEMENT F, LDF (RLIN)
a 7
b cbc
c orignew
d 1
e ecip
f 20
g y-gencatlg
942 ## - ADDED ENTRY ELEMENTS (KOHA)
Source of classification or shelving scheme Dewey Decimal Classification
Koha item type Book
Holdings
Date last seen Total Checkouts Full call number Barcode Cost, replacement price Price effective from Koha item type Lost status Source of classification or shelving scheme Damaged status Not for loan Withdrawn status Home library Current library Shelving location Date acquired Cost, normal purchase price
02/11/2026   001.4 DEV 003228 4059.00 01/23/2026 Book   Dewey Decimal Classification       Indian Institute of Management Visakhapatnam Indian Institute of Management Visakhapatnam General 01/22/2026 4059.00

Copyright © 2024 Indian Institute of Management Visakhapatnam
Koha v23.05